| 000 | 00468nam a22001817a 4500 | ||
|---|---|---|---|
| 003 | LK-CoMWRAF | ||
| 005 | 20240118114359.0 | ||
| 008 | 240118b1940 |||||||| |||| 00| 0 eng d | ||
| 040 |
_aLK-CoMWRAF _dLK-CoMWRAF _eLK-CoMWRAF |
||
| 041 | _aeng | ||
| 082 |
_a330 _bKAR |
||
| 100 | _aKariapper, M.S. | ||
| 245 |
_aOur economic needs: _ba lecture |
||
| 260 |
_aBatticaloa: _bSouth farmers' association, _c1940 |
||
| 300 | _a46 p. | ||
| 650 | _aECONOMIC NEEDS | ||
| 942 | _cBK | ||
| 999 |
_c4648 _d4648 |
||